| 000 | 00917cab a2200181 4500 | ||
|---|---|---|---|
| 001 | ##L131483 | ||
| 008 | 051107n2005 000 0 eng u | ||
| 035 | _a(Sirsi) u131483 | ||
| 041 | 0 | _aeng | |
| 100 | 1 | _aPrag, Peter | |
| 245 | 0 | 0 |
_aRenewable energy _bthe key ingredient |
| 260 | 3 | _c2005 | |
| 490 | 0 |
_aFarmland Market _v(64) Autumn 2005, 10-11(2) |
|
| 520 | _aAsks whether renewable energy production and processes can provide an answer to the decline in farm incomes. Almost all means of creating renewable energy depend on a single factor: land. Examines wind, biomass, biogas energy sources from a land owner perspective. Gives examples of the alternative markets for UK crops as renewable energy materials. Concludes with a summary of the outlook for farmers as producers of home-grown energy. | ||
| 590 | _aIKA081105 | ||
| 690 | _aENVIRONMENTAL AND LAND CONSULTANCY-ENERGY-RENEWABLE ENERGY | ||
| 942 | _n0 | ||
| 999 |
_c76112 _d76112 |
||